00770 a2200181 4500003000500000005001700005040000900022082001200031100004400043245004500087260009400132300004100226505014000267650002900407942001200436999001900448952012100467Nust20221017120024.0 cNust a600,EDD aEddington, Arthur Stanley, Sir,9100417 aStars and atoms,c by A.S. Eddington ... aNew Haven, .b Yale university press; London, H. Milford, Oxford university press,c1927 a127p. front.,bplates, diagr. 23 cm. aLecture 1: The Interior Of A Star (Page-9), Lecture 2: Some Recent Investigations (Page-42), Lecture 3: The Age Of The Stars (Page-85). aStars and atoms,9100418 2ddccBK c183089d183089 00102ddc4070aMCSbMCScGENd2016-12-12o600,EDDpMCS29745r2016-12-08w2016-12-12yBKzAlmirah No.26, Shelf No.1